Les difficultes scolaires d'apprentissage
Αποθηκεύτηκε σε:
| Κύριος συγγραφέας: | |
|---|---|
| Άλλοι συγγραφείς: | |
| Μορφή: | Βιβλίο |
| Γλώσσα: | French |
| Δημοσίευση: |
Paris :
Nathan,
2003
|
| Σειρά: | Collection Education ;
; 128 |
| Θέματα: | |
| Ετικέτες: |
Προσθήκη ετικέτας
Δεν υπάρχουν, Καταχωρήστε ετικέτα πρώτοι!
|
MARC
| LEADER | 00000cam a2200000 i 4500 | ||
|---|---|---|---|
| 001 | 1/56730 | ||
| 008 | 040604s2003 fre d | ||
| 020 | |a 2-09-191299-9 | ||
| 035 | |l 10073651 | ||
| 040 | |a GR-MY-UA |b gre |e aacr | ||
| 041 | 0 | |a fre | |
| 082 | 0 | |a 371.9 | |
| 100 | 1 | |a Chabanne, Jean-Luc. | |
| 245 | 1 | 4 | |a Les difficultes scolaires d'apprentissage / |c Jean-Luc Chabanne ; sous la direction de Rene La Borderie |
| 260 | |a Paris : |b Nathan, |c 2003 | ||
| 300 | |a 127 p. | ||
| 490 | 1 | |a Collection Education |v ; 128 | |
| 504 | |a Includes bibliographical references | ||
| 650 | 0 | 0 | |a Learning disabilities. |
| 700 | 1 | |a La Borderie, Rene. |4 drt | |
| 830 | 0 | |a Collection Education ; |v ; 128 | |
| 852 | |a INST |b RHODES |e 20040604 |h 371.9 CHA |p 005400018926 |q 005400018926 |t BK |y 0 | ||
| 901 | |a BIBL4-2004-2 | ||
| 909 | |a Ρ |b 109588 | ||
| 970 | |a ΚΟΥΛΑΚΙΟΤΗ |b ΛΙΤΣΑ |z 2004/06/04 | ||